Inventarios de los archivos municipales de Alguazas y Blanca / archiveros Comunidad Autónoma : Rafael Fresneda Collado ... [et al.] Rafael Fresneda Collado ... [et al.]
Descripción Física:
184 p. ; 24 cm
Colección:
Archivos murcianos ; 2
Otros Autores:
Fresneda Collado, Rafael
MARC
| LEADER | 00000nam a2200000Ia 4500 | ||
|---|---|---|---|
| 001 | 9303 | ||
| 008 | 160829s1990 xx 000 0 cat d | ||
| 080 | |a A-1-310 | ||
| 245 | |a Inventarios de los archivos municipales de Alguazas y Blanca / archiveros Comunidad Autónoma : |b Rafael Fresneda Collado ... [et al.] | ||
| 260 | |a Murcia : |b Sistema Regional de Archivos y Bibliotecas, |c 1990 | ||
| 300 | |a 184 p. ; |c 24 cm | ||
| 490 | |a Archivos murcianos ; 2 | ||
| 650 | |a Arxius municipals |x Múrcia (Província) |x Inventaris |9 20978 | ||
| 700 | |a Fresneda Collado, Rafael |9 20979 | ||
| 901 | |a Arxiu | ||
| 942 | |n 1 | ||
| 952 | |0 0 |1 0 |4 0 |6 A1310 |7 1 |9 41763 |a Arxiu |b Arxiu |d 2016-12-01 |l 0 |o A-1-310 |p 9303 |r 2016-12-01 00:00:00 |w 2016-12-01 |y ARXIU | ||
| 999 | |c 43653 |d 43653 | ||